Every Country that has a Grand Slam Title in the Open Era - Statistics

General Stats
  • This quiz has been taken 59 times
  • The average score is 38 of 50
Answer Stats
Tournaments Won Country % Correct
244 Australia
100%
17 Canada
100%
28 Serbia
100%
42 United Kingdom
100%
538 United States
100%
19 Argentina
98%
41 Russia
98%
11 China
95%
60 France
95%
46 Germany
95%
19 Italy
95%
11 Japan
95%
70 Spain
95%
54 Switzerland
95%
19 Belgium
93%
8 Austria
90%
6 Colombia
90%
15 Romania
90%
50 Sweden
90%
18 Croatia
88%
57 Czechia
88%
5 Mexico
88%
3 New Zealand
88%
13 Brazil
85%
2 Denmark
85%
39 Netherlands
83%
9 Poland
83%
1 Bulgaria
80%
38 India
80%
5 Slovakia
80%
9 Yugoslavia
78%
2 Finland
75%
6 Slovenia
75%
7 Hungary
73%
7 Soviet Union
73%
3 Ukraine
73%
50 South Africa
68%
32 Belarus
65%
1 Peru
65%
42 Czechoslovakia
58%
3 Uruguay
58%
4 Israel
55%
3 Ecuador
53%
5 Latvia
53%
2 Kazakhstan
40%
11 Taiwan
40%
18 Zimbabwe
33%
4 Bahamas
30%
2 El Salvador
13%
5 Serbia and Montenegro
10%
No matching quizzes found
Score Distribution
Percent of People with Each Score
Percentile by Number Answered
Your Score History
You have not taken this quiz